000 00327nam a2200133Ia 4500
008 230818s2000 xx 000 0 und d
041 _aeng
100 _aworthington
245 _aNutrition throught the life cycle
260 _bMc Grawhill Pub.
_c2000
300 _a469p
520 _aReference Copy
999 _c852830
_d852830
650 _aFood Safety